Central Library OPAC University of Rajshahi

Fluent Python : (Record no. 86206)

MARC details
000 -LEADER
fixed length control field 01051nam a2200313 a 4500
001 - CONTROL NUMBER
control field 86206
003 - CONTROL NUMBER IDENTIFIER
rucl marc code BD-RjUL
005 - DATE AND TIME OF LATEST TRANSACTION
control field 20260224120044.0
008 - FIXED-LENGTH DATA ELEMENTS--GENERAL INFORMATION
fixed length control field 260224t2022 cc a b 001 0 eng
020 ## - INTERNATIONAL STANDARD BOOK NUMBER
International Standard Book Number 9789355420831
035 ## - SYSTEM CONTROL NUMBER
System control number (BD-RjUL)86206
040 ## - CATALOGING SOURCE
Original cataloging agency DLC
Language of cataloging eng
Description conventions rda
Transcribing agency DLC
Modifying agency BD-RjUL
041 ## - LANGUAGE CODE
Language code of text/sound track or separate title eng
042 ## - AUTHENTICATION CODE
Authentication code pcc
082 04 - DEWEY DECIMAL CLASSIFICATION NUMBER
Edition number 23
Classification number 005.133
Author mark and year RAF 2022
100 1# - MAIN ENTRY--PERSONAL NAME
Personal name Ramalho, Luciano,
Relator term author.
9 (RLIN) 17784
245 10 - TITLE STATEMENT
Title Fluent Python :
Remainder of title clear, concise, and effective programming /
Statement of responsibility, etc. Luciano Ramalho.
250 ## - EDITION STATEMENT
Edition statement Second edition.
264 #1 - PRODUCTION, PUBLICATION, DISTRIBUTION, MANUFACTURE, AND COPYRIGHT NOTICE
Place of production, publication, distribution, manufacture Beijing [China] ;
-- Mumbai;
-- Boston [MA] :
Name of producer, publisher, distributor, manufacturer O'Reilly,
Date of production, publication, distribution, manufacture, or copyright notice 2022.
300 ## - PHYSICAL DESCRIPTION
Pagination xxviii, 979 pages :
Illustrations illustrations ;
Size 23 cm
336 ## - CONTENT TYPE
Content type term text
Content type code txt
Source rdacontent
337 ## - MEDIA TYPE
Media type term unmediated
Media type code n
Source rdamedia
338 ## - CARRIER TYPE
Carrier type term volume
Carrier type code nc
Source rdacarrier
500 ## - GENERAL NOTE
General note "2nd edition covers Python 3.10"--Cover.
504 ## - BIBLIOGRAPHY, ETC. NOTE
Bibliography, etc Includes bibliographical references and index.
650 #0 - SUBJECT ADDED ENTRY--TOPICAL TERM
Topical term or geographic name as entry element Python (Computer program language)
9 (RLIN) 4152
Topical term or geographic name as entry element Object-oriented programming languages.
9 (RLIN) 17785
942 ## - ADDED ENTRY ELEMENTS (KOHA)
Source of classification or shelving scheme Dewey Decimal Classification
Koha item type Books
Holdings
Lost status Source of classification or shelving scheme Damaged status Not for loan Collection code Permanent Location Current Location Shelving location Date acquired Source of acquisition Cost, normal purchase price Total Checkouts Full call number Date last seen Copy number Koha item type
  Dewey Decimal Classification   Not For Loan Non-fiction Central Library, University of Rajshahi Central Library, University of Rajshahi Reading Room 22/02/2026 Book Finder, Dhaka 3908.00   005.133 RAF 2022 24/02/2026 C-1 Books